Statystyki dla Posiadacze flag z kolorem zielonym i czarnym

Kliknij tutaj aby rozwiązać quiz!

Ogólne statystyki

  • Ten quiz został rozwiązany 956 razy
  • Średni wynik to 60 z 117

Statystyki odpowiedzi

KolorOdpowiedź% Poprawnych
Brazylia
80%
Włochy
79%
Niemcy
78%
Irlandia
75%
Arabia Saudyjska
71%
Meksyk
71%
Portugalia
71%
Egipt
70%
Iran
68%
Libia
68%
czarny | zielonyAfganistan
66%
Algieria
66%
Irak
66%
Belgia
64%
Białoruś
64%
Indie
64%
Bułgaria
63%
Litwa
63%
Niger
62%
Oman
61%
Pakistan
61%
Węgry
61%
Jemen
60%
Nigeria
60%
Południowa Afryka
60%
Jamajka
59%
Kongo
58%
Sudan
58%
Tadżykistan
58%
Turkmenistan
58%
Zambia
58%
Zimbabwe
58%
Albania
57%
Uzbekistan
57%
Azerbejdżan
56%
Etiopia
56%
Gwinea
56%
Mali
56%
Angola
55%
Boliwia
55%
Estonia
55%
Madagaskar
55%
Senegal
55%
Kenia
54%
Syria
54%
Zjed Emir Arabskie
53%
Dominika
52%
Sudan Południowy
52%
Wybrzeże Kości Słoniowej
52%
Kamerun
51%
Mauretania
51%
Bangladesz
50%
Ghana
50%
Jordania
50%
Liban
50%
Mozambik
50%
Erytrea
49%
Gwinea Równikowa
49%
Gwinea Bissau
48%
Tanzania
48%
Kuwejt
46%
Seszele
46%
Gujana
45%
Lesotho
45%
Surinam
45%
Togo
45%
Uganda
45%
Benin
43%
Mauritius
43%
Namibia
43%
Burundi
42%
Gabon
42%
Rwanda
42%
Botswana
41%
Dżibuti
41%
Gambia
41%
Papua-Nowa Gwinea
41%
Sri Lanka
41%
Burkina Faso
40%
Malawi
40%
Mjanma
40%
Antigua i Barbuda
39%
Bahamy
38%
Komory
38%
Malediwy
38%
Republika Śr-afrykańska
38%
Sierra Leone
36%
Trynidad i Tobago
35%
Wyspy Salomona
35%
Wyspy Św Tomasza i Ksi
35%
Brunei
34%
Saint Kitts i Nevis
34%
Vanuatu
34%
Saint Vincent i Grenadyny
33%
Suazi
33%
Saint Lucia
32%
Grenada
31%
Timor Wschodni
31%

Rozkład punktacji

Percentyl według liczby udzielonych odpowiedzi

Procent ludzi z każdym wynikiem

Twoja historia wyników

Nie rozwiązałeś tego quizu